| 000 | 00602nam a2200145 a 4500 | ||
|---|---|---|---|
| 001 | 000046531 | ||
| 005 | 20201002052934.0 | ||
| 008 | 150824s2006 dr c 000 0 spa d | ||
| 040 |
_aDO-SdBNP _bspa _cBNPHU |
||
| 100 | 1 |
_aPachas Serrano, Miguel Ángel _974520 |
|
| 245 | 1 | 0 |
_aPolíticas, programas y proyectos que inciden en el desarrollo de la familia en la República Dominicana / _cMiguel Ángel Pachas Serrano. |
| 260 |
_aSanto Domingo : _bDespacho de la Primera Dama, _c2006. |
||
| 300 |
_a74 p. : _bil., retrs. ; _c32 cm. |
||
| 500 | _aIncluye referencias bibliográficas y notas al pie de las páginas | ||
| 999 |
_c46020 _d46020 |
||